¡No basta con buenas intenciones! : cómo la nueva economía del comportamiento ayuda a vencer la pobreza en el mundo /

Detalles Bibliográficos
Autores principales: Karlan, Dean S. (Autor), Appel, Jacob, 1984- (Autor)
Otros Autores: Rabasco, María Esther (Traductor)
Formato: Electrónico eBook
Lenguaje:español
inglés
Publicado: Barcelona, España : Antoni Bosch editor, [2011]
Materias:
Acceso en línea:Digitalia Hispánica

MARC

LEADER 00000nam a2200000Ii 4500
001 DIGANBSCH0019
003 NyNyDIG
006 m o d
007 cr |||||||||||
008 240103s2011 sp ob 001 0 spa d
035 |a (OCoLC)889887278 
040 |a DGITA  |b eng  |e rda  |e pn  |c DGITA 
020 |a 9788495348791  |q eBook 
020 |z 9788495348760 
041 1 |a spa  |h eng 
050 1 4 |a HC79.P6 ebook 
082 0 4 |a 339.46  |2 23 
100 1 |a Karlan, Dean S.,  |e author. 
240 1 0 |a More than good intentions.  |l Spanish  |s (Rabasco) 
245 1 1 |a ¡No basta con buenas intenciones! :  |b cómo la nueva economía del comportamiento ayuda a vencer la pobreza en el mundo /  |c Dean Karlan, Jacob Appel ; traducción de Esther Rabasco. 
246 3 0 |a Cómo la nueva economía del comportamiento ayuda a vencer la pobreza en el mundo  
264 1 |a Barcelona, España :  |b Antoni Bosch editor,  |c [2011] 
300 |a 1 online resource. 
336 |a text  |b txt  |2 rdacontent 
337 |a computer  |b c  |2 rdamedia 
338 |a online resource  |b cr  |2 rdacarrier 
347 |a text file  |2 rdaft 
347 |b PDF 
504 |a Includes bibliographical references and index. 
588 0 |a Online resource; title from PDF title page (Digitalia, viewed January 3, 2024) 
650 0 |a Poverty. 
650 0 |a Poverty  |x Prevention. 
700 1 |a Appel, Jacob,  |d 1984-  |e author. 
700 1 |a Rabasco, María Esther,  |e translator. 
700 1 |i Translation of:  |a Karlan, Dean S.  |t More than good intentions. 
791 2 |a Digitalia (Firm),  |e distributor. 
793 0 |g Digitalia eBook Collection:  |a Antoni Bosch Editor 
776 0 8 |i Print version:  |a Karlan, Dean S.  |s More than good intentions. Spanish (Rabasco).  |t ¡No basta con buenas intenciones!.  |d Barcelona, España : Antoni Bosch editor, [2011]  |z 9788495348760 
856 4 0 |3 Digitalia Hispánica  |u https://www.digitaliapublishing.com/a/84042/ 
910 |a Premium collection: 2024